Neutron beam preparation for soil moisture measurements: Nedis-PHITS and artificial neural networks study; Applied Radiation and Isotopes; Vol. 172

Podrobná bibliografie
Parent link:Applied Radiation and Isotopes
Vol. 172.— 2021.— [109688, 7 p.]
Korporativní autor: Национальный исследовательский Томский политехнический университет Инженерная школа ядерных технологий Отделение ядерно-топливного цикла
Další autoři: Bedenko S. V. Sergey Vladimirovich, Ghal-Eh N. Nima, Kuskov V. A. Vladislav Andreevich, Vega-Carrillo H. R. Hector Rene, Vlaskin G. N. Gennadiy Nikolaevich
Shrnutí:Title screen
The angular distribution of thermal neutrons scattered from the surface of a soil sample was used to determine soil moisture content. All simulations were performed assuming optimal dimensions of the designed collimator and AmO2-Be neutron source. Moreover, an assembly consisting of five Amersham X.l4 type capsular neutron sources was studied to obtain faster, more accurate data. The results showed promising agreement with previously published data and provided insights into potential applications for the construction of biological shielding of nuclear reactors.
Режим доступа: по договору с организацией-держателем ресурса
Jazyk:angličtina
Vydáno: 2021
Témata:
On-line přístup:https://doi.org/10.1016/j.apradiso.2021.109688
Médium: MixedMaterials Elektronický zdroj Kapitola
KOHA link:https://koha.lib.tpu.ru/cgi-bin/koha/opac-detail.pl?biblionumber=664654

MARC

LEADER 00000naa0a2200000 4500
001 664654
005 20250120161628.0
035 |a (RuTPU)RU\TPU\network\35838 
090 |a 664654 
100 |a 20210513d2021 k||y0rusy50 ba 
101 0 |a eng 
102 |a NL 
135 |a drcn ---uucaa 
181 0 |a i  
182 0 |a b 
200 1 |a Neutron beam preparation for soil moisture measurements: Nedis-PHITS and artificial neural networks study  |f S. V. Bedenko, N. Ghal-Eh, V. A. Kuskov [et al.] 
203 |a Text  |c electronic 
300 |a Title screen 
320 |a [References: 32 tit.] 
330 |a The angular distribution of thermal neutrons scattered from the surface of a soil sample was used to determine soil moisture content. All simulations were performed assuming optimal dimensions of the designed collimator and AmO2-Be neutron source. Moreover, an assembly consisting of five Amersham X.l4 type capsular neutron sources was studied to obtain faster, more accurate data. The results showed promising agreement with previously published data and provided insights into potential applications for the construction of biological shielding of nuclear reactors. 
333 |a Режим доступа: по договору с организацией-держателем ресурса 
461 |t Applied Radiation and Isotopes 
463 |t Vol. 172  |v [109688, 7 p.]  |d 2021 
610 1 |a электронный ресурс 
610 1 |a труды учёных ТПУ 
610 1 |a soil moisture 
610 1 |a radioisotopic neutron source 
610 1 |a fine-grained mixture 
610 1 |a angular distribution 
610 1 |a BF3 counter 
610 1 |a Nedis-2m 
610 1 |a PHITS-2.88 
610 1 |a влажность 
610 1 |a радиоизотопный состав 
610 1 |a мелкозернистые частицы 
610 1 |a угловое распределение 
701 1 |a Bedenko  |b S. V.  |c physicist  |c Associate Professor of Tomsk Polytechnic University, Candidate of physical and mathematical sciences  |f 1980-  |g Sergey Vladimirovich  |3 (RuTPU)RU\TPU\pers\30831  |9 15078 
701 1 |a Ghal-Eh  |b N.  |g Nima 
701 1 |a Kuskov  |b V. A.  |g Vladislav Andreevich 
701 1 |a Vega-Carrillo  |b H. R.  |g Hector Rene 
701 1 |a Vlaskin  |b G. N.  |g Gennadiy Nikolaevich 
712 0 2 |a Национальный исследовательский Томский политехнический университет  |b Инженерная школа ядерных технологий  |b Отделение ядерно-топливного цикла  |3 (RuTPU)RU\TPU\col\23554 
801 2 |a RU  |b 63413507  |c 20210513  |g RCR 
856 4 |u https://doi.org/10.1016/j.apradiso.2021.109688 
942 |c CF